| 000 | 00872cab a2200229 4500 | ||
|---|---|---|---|
| 001 | X3868 | ||
| 008 | 090401t1997 xxu||||| |||| 00| 0 eng d | ||
| 035 | _a(Sirsi) u33466 | ||
| 041 | _aeng | ||
| 245 | _aGodden v Merthyr Tydfil Housing Association | ||
| 260 | _c1997 | ||
| 350 | _a0 | ||
| 490 |
_aNew Property Cases _v[1997] NPC 1, (2) |
||
| 520 | _aCA 15 January 1997. A contract void for non compliance with the statutory formalities is not saved by estoppel. A restitutionary claim for relief is sent away for fuller pleading. Law of Property (Miscellaneous Provisions) Act 1992 s2. | ||
| 650 | _aGODDEN V MERTHYR TYDFIL HOUSING ASSOCIATION | ||
| 650 | _aLAW OF CONTRACT | ||
| 650 | _aLAW OF PROPERTY MISCELLANEOUS PROVISIONS ACT 1992 S2 | ||
| 650 | _aTRANSFER OF LAND | ||
| 690 | _aPROPERTY LAW AND PRACTICE-CASE LAW | ||
| 942 | _n0 | ||
| 948 | _c04/03/1997 | ||
| 999 |
_c22356 _d22356 |
||